000
00298nam a22001337a 4500
008
170613b xxu||||| |||| 00| 0 eng d
020
_a
0139361790
041
_a
eng
080
_2
2ND
_a
32
100
_a
19
101
_a
SHP
245
_a
UNDER-STANDING PUBLIC POLICY
_c
DYE,TH.R
942
_2
udc
_c
BK
999
_c
17161
_d
17161